[Event "H.C Andersen Open"]
[Site "Odense"]
[Date "2013.05.10"]
[Round "5"]
[White "Murtuzov, Rauf Mubariz"]
[Black "Semcesen, Daniel"]
[Result "1/2-1/2"]
[WhiteElo "1995"]
[BlackElo "2473"]
[PlyCount "149"]
[EventDate "2013.05.08"]
[EventType "swiss"]
[EventRounds "9"]
[EventCountry "DEN"]
[SourceTitle "CBM 154 Extra"]
[Source "ChessBase"]
[SourceDate "2013.06.25"]

1. e4 e5 2. Nf3 Nc6 3. Nc3 g6 4. d4 exd4 5. Nxd4 Bg7 6. Be3 d6 7. Bc4 Nf6 8.
Qd2 O-O 9. O-O-O Re8 10. f3 Ne5 11. Bb3 a6 12. a3 b5 13. Bh6 Bh8 14. h4 c5 15.
Nde2 c4 16. Ba2 Be6 17. Kb1 Qb8 18. Qxd6 a5 19. Qxb8 Raxb8 20. Bf4 Nh5 21. Bxe5
Bxe5 22. Nd5 Kg7 23. g4 Nf6 24. Nxf6 Bxf6 25. Nf4 Rb7 26. Nxe6+ Rxe6 27. Rd5
Be7 28. h5 g5 29. Rf5 Rc6 30. h6+ Kg6 31. Kc1 f6 32. e5 Bc5 33. c3 Be3+ 34. Kd1
Bf4 35. Bb1 Kf7 36. Be4 Rd7+ 37. Kc2 Rd2+ 38. Kb1 Rb6 39. exf6 b4 40. Bd5+ Kf8
41. cxb4 axb4 42. Bxc4 bxa3 43. b3 Be3 44. Rd5 Rxf6 45. Rxd2 Bxd2 46. Bd5 Rd6
47. Be4 Bc3 48. Rc1 Bb2 49. Rc8+ Ke7 50. Ka2 Rxh6 51. Rc7+ Kd8 52. Rxh7 Rxh7
53. Bxh7 Kc7 54. Bb1 Kb6 55. b4 Bc1 56. Kb3 Bb2 57. Ka4 Bc1 58. Kb3 Bb2 59. Ka4
Bc1 60. Kb3 Bb2 61. Ka4 a2 62. Bxa2 Bc1 63. Kb3 Bf4 64. Kc4 Bc1 65. Bb1 Bf4 66.
Be4 Bc1 67. b5 Bf4 68. Bc6 Bc1 69. Kd5 Bf4 70. Bd7 Bc1 71. Bc6 Bf4 72. Bd7 Bc1
73. Bc6 Bf4 74. Bd7 Bc1 75. Bc6 1/2-1/2

[Event "H.C Andersen Open"]
[Site "Odense"]
[Date "2013.05.10"]
[Round "5"]
[White "Nielsen, John Bauneborg"]
[Black "Rostgaard, Tobias Valentin"]
[Result "0-1"]
[WhiteElo "2161"]
[BlackElo "2275"]
[PlyCount "142"]
[EventDate "2013.05.08"]
[EventType "swiss"]
[EventRounds "9"]
[EventCountry "DEN"]
[SourceTitle "CBM 154 Extra"]
[Source "ChessBase"]
[SourceDate "2013.06.25"]

1. d4 d5 2. Nc3 Nf6 3. Bg5 c6 4. f3 Qb6 5. Rb1 Nbd7 6. e3 e5 7. dxe5 Nxe5 8.
Qd4 Ned7 9. Qxb6 axb6 10. Bd3 Bb4 11. Nge2 Rxa2 12. Kf2 Ra5 13. Nd4 O-O 14.
Nce2 Re8 15. c3 Bf8 16. Ra1 Ne5 17. Bc2 Nfd7 18. b4 Rxa1 19. Rxa1 g6 20. e4
dxe4 21. Bxe4 Bg7 22. Ra7 b5 23. Nb3 Nc4 24. Ned4 f5 25. Bd3 Nde5 26. Be2 h6
27. Bc1 Nd6 28. Na5 g5 29. g3 Nec4 30. Nab3 Nb6 31. Bd3 Nd5 32. Bd2 g4 33. fxg4
Ne4+ 34. Bxe4 fxe4 35. Bf4 Bxg4 36. Rxb7 e3+ 37. Ke1 Nxf4 38. gxf4 Bf6 39. Nc1
Bh4+ 40. Kf1 Rf8 41. f5 Bxf5 42. Ke2 Bg4+ 43. Kd3 Rf1 44. Nce2 Bg5 45. Rc7 Rd1+
46. Ke4 Rd2 47. Ng3 e2 48. Ngxe2 Bxe2 49. Rc8+ Kf7 50. Rc7+ Ke8 51. Rxc6 Bc4
52. h4 Bxh4 53. Rxh6 Bf2 54. Nf3 Re2+ 55. Kf5 Re3 56. Ne5 Rxc3 57. Rh8+ Ke7 58.
Rh7+ Kd8 59. Rh8+ Kc7 60. Rh7+ Kc8 61. Rh8+ Kb7 62. Rh7+ Kc8 63. Rh8+ Kc7 64.
Rh7+ Kd8 65. Rh8+ Ke7 66. Rh7+ Kf8 67. Nd7+ Ke8 68. Nf6+ Kd8 69. Rh8+ Kc7 70.
Ne8+ Kb6 71. Rh6+ Ka7 0-1

[Event "H.C Andersen Open"]
[Site "Odense"]
[Date "2013.05.10"]
[Round "5"]
[White "Nikolov, Momchil"]
[Black "Ochsner, Bjorn Moller"]
[Result "1/2-1/2"]
[WhiteElo "2532"]
[BlackElo "2347"]
[PlyCount "62"]
[EventDate "2013.05.08"]
[EventType "swiss"]
[EventRounds "9"]
[EventCountry "DEN"]
[SourceTitle "CBM 154 Extra"]
[Source "ChessBase"]
[SourceDate "2013.06.25"]

1. d4 Nf6 2. c4 e6 3. Nc3 Bb4 4. Qc2 O-O 5. a3 Bxc3+ 6. Qxc3 b6 7. g3 Bb7 8.
Nf3 d6 9. Bg2 Nbd7 10. O-O Qe7 11. b4 a5 12. Bb2 axb4 13. axb4 Rxa1 14. Rxa1
Ra8 15. Rxa8+ Bxa8 16. b5 Qd8 17. Bf1 Ne4 18. Qc2 h5 19. Ne1 h4 20. Bg2 hxg3
21. hxg3 Ndf6 22. Nd3 Bb7 23. Qa4 Qa8 24. Qxa8+ Bxa8 25. Nb4 d5 26. cxd5 Bxd5
27. Bxe4 Nxe4 28. Na6 Bc4 29. Nxc7 Bxe2 30. d5 exd5 31. Nxd5 Bxb5 1/2-1/2

[Event "H.C Andersen Open"]
[Site "Odense"]
[Date "2013.05.10"]
[Round "5"]
[White "Olsson, Tomas"]
[Black "Jensen, Soren2"]
[Result "1/2-1/2"]
[WhiteElo "1936"]
[BlackElo "1836"]
[PlyCount "52"]
[EventDate "2013.05.08"]
[EventType "swiss"]
[EventRounds "9"]
[EventCountry "DEN"]
[SourceTitle "CBM 154 Extra"]
[Source "ChessBase"]
[SourceDate "2013.06.25"]

1. e4 c6 2. d4 d5 3. Nc3 dxe4 4. Nxe4 Bf5 5. Ng3 Bg6 6. h4 h6 7. Nf3 Nd7 8. h5
Bh7 9. Bd3 Bxd3 10. Qxd3 e6 11. Bd2 Ngf6 12. O-O-O Qc7 13. Qe2 Bd6 14. Nf5
O-O-O 15. Nxd6+ Qxd6 16. Ne5 Qe7 17. Bf4 Nxe5 18. Qxe5 Kd7 19. Kb1 Nd5 20. Bg3
f6 21. Qe4 Kc8 22. Rd3 Qf7 23. c4 Nb4 24. Rb3 Na6 25. Bf4 Rhe8 26. Be3 f5
1/2-1/2

[Event "H.C Andersen Open"]
[Site "Odense"]
[Date "2013.05.10"]
[Round "5"]
[White "Pedersen, Henrik Bolding"]
[Black "Iversen, Christian"]
[Result "1/2-1/2"]
[WhiteElo "2125"]
[BlackElo "1876"]
[PlyCount "31"]
[EventDate "2013.05.08"]
[EventType "swiss"]
[EventRounds "9"]
[EventCountry "DEN"]
[SourceTitle "CBM 154 Extra"]
[Source "ChessBase"]
[SourceDate "2013.06.25"]

1. e4 Nf6 2. Nc3 d5 3. e5 Ne4 4. Nce2 f6 5. d3 Ng5 6. Bxg5 fxg5 7. h4 gxh4 8.
Rxh4 Nc6 9. Nf3 e6 10. d4 Bd7 11. Qd2 Qe7 12. Ng3 O-O-O 13. a3 g6 14. O-O-O h5
15. Kb1 Bh6 16. Qc3 1/2-1/2

[Event "H.C Andersen Open"]
[Site "Odense"]
[Date "2013.05.10"]
[Round "5"]
[White "Brondt, Nicolai Kvist"]
[Black "Carstensen, Jacob"]
[Result "0-1"]
[WhiteElo "2169"]
[BlackElo "2381"]
[PlyCount "52"]
[EventDate "2013.05.08"]
[EventType "swiss"]
[EventRounds "9"]
[EventCountry "DEN"]
[SourceTitle "CBM 154 Extra"]
[Source "ChessBase"]
[SourceDate "2013.06.25"]

1. Nf3 c5 2. c4 e6 3. g3 d5 4. cxd5 exd5 5. d4 Nc6 6. Bg2 Nf6 7. O-O Be7 8. Nc3
O-O 9. dxc5 Bxc5 10. Bg5 d4 11. Bxf6 Qxf6 12. Ne4 Qe7 13. Nxc5 Qxc5 14. Qd2 Be6
15. Rfd1 Rad8 16. Qf4 h6 17. Rac1 Qb5 18. Nxd4 Nxd4 19. Rxd4 Qxb2 20. Rcd1 Rxd4
21. Qxd4 Qxe2 22. Bxb7 Bxa2 23. Ra1 a6 24. Qb6 Bc4 25. Qc6 Rd8 26. Qe4 Rd1+ 0-1

[Event "H.C Andersen Open"]
[Site "Odense"]
[Date "2013.05.10"]
[Round "5"]
[White "Rasmussen, Jens"]
[Black "Nielsen, Thomas"]
[Result "1-0"]
[WhiteElo "1713"]
[BlackElo "1628"]
[PlyCount "75"]
[EventDate "2013.05.08"]
[EventType "swiss"]
[EventRounds "9"]
[EventCountry "DEN"]
[SourceTitle "CBM 154 Extra"]
[Source "ChessBase"]
[SourceDate "2013.06.25"]

1. d4 f5 2. Nf3 Nf6 3. d5 d6 4. e3 g6 5. c4 Bg7 6. Nbd2 O-O 7. Bd3 Nbd7 8. Ng5
Nc5 9. Bc2 Nfe4 10. Ngxe4 fxe4 11. Nxe4 Nxe4 12. Bxe4 e6 13. O-O e5 14. Bf3 Qh4
15. e4 Bd7 16. g3 Qf6 17. Bg2 Rf7 18. Be3 Raf8 19. Qd2 Qd8 20. Rab1 Qc8 21. f4
Bh3 22. fxe5 Rxf1+ 23. Rxf1 Rxf1+ 24. Bxf1 Bxf1 25. Kxf1 Bxe5 26. Kg2 a6 27. b4
c6 28. a3 cxd5 29. Qxd5+ Kf8 30. c5 Qg4 31. Bh6+ Ke8 32. Qg8+ Kd7 33. Qf7+ Kc6
34. Qd5+ Kc7 35. cxd6+ Bxd6 36. Qc4+ Kd7 37. Qd3 Qh5 38. Bf4 1-0

[Event "H.C Andersen Open"]
[Site "Odense"]
[Date "2013.05.10"]
[Round "5"]
[White "Rasmussen, Morten Thor"]
[Black "Nielsen, Poul Erik"]
[Result "1/2-1/2"]
[WhiteElo "1719"]
[BlackElo "2107"]
[PlyCount "25"]
[EventDate "2013.05.08"]
[EventType "swiss"]
[EventRounds "9"]
[EventCountry "DEN"]
[SourceTitle "CBM 154 Extra"]
[Source "ChessBase"]
[SourceDate "2013.06.25"]

1. e4 c5 2. c3 g6 3. d4 Qc7 4. Nf3 b6 5. g3 Bb7 6. Bf4 d6 7. d5 Nf6 8. Nbd2
Nbd7 9. a4 Bg7 10. Qc2 O-O 11. Bd3 Rfe8 12. O-O a6 13. h3 1/2-1/2

[Event "H.C Andersen Open"]
[Site "Odense"]
[Date "2013.05.10"]
[Round "5"]
[White "Rendboe, John Filip"]
[Black "Ottesen, Soren Rud"]
[Result "1-0"]
[WhiteElo "2241"]
[BlackElo "1831"]
[PlyCount "55"]
[EventDate "2013.05.08"]
[EventType "swiss"]
[EventRounds "9"]
[EventCountry "DEN"]
[SourceTitle "CBM 154 Extra"]
[Source "ChessBase"]
[SourceDate "2013.06.25"]

1. d4 Nf6 2. c4 e6 3. Nc3 Bb4 4. e3 d5 5. a3 Bxc3+ 6. bxc3 O-O 7. Nf3 Nbd7 8.
cxd5 exd5 9. Bd3 Re8 10. O-O h6 11. Qc2 a6 12. a4 c6 13. Bb2 Qc7 14. c4 Qd8 15.
Rfe1 Ne4 16. Rac1 Ndf6 17. Ne5 Be6 18. f3 Nd6 19. c5 Nc8 20. h3 Ne7 21. g4 Nd7
22. f4 Nxe5 23. dxe5 Bc8 24. f5 Kh8 25. Qf2 Ng8 26. h4 f6 27. e6 Bxe6 28. fxe6
1-0

[Event "H.C Andersen Open"]
[Site "Odense"]
[Date "2013.05.10"]
[Round "5"]
[White "Sorensen, Alex"]
[Black "Jepsen, Thomas"]
[Result "1-0"]
[WhiteElo "1933"]
[BlackElo "2168"]
[PlyCount "97"]
[EventDate "2013.05.08"]
[EventType "swiss"]
[EventRounds "9"]
[EventCountry "DEN"]
[SourceTitle "CBM 154 Extra"]
[Source "ChessBase"]
[SourceDate "2013.06.25"]

1. e4 c5 2. d4 cxd4 3. c3 d3 4. Bxd3 Nc6 5. Nf3 d6 6. c4 g6 7. O-O Bg7 8. Nc3
Nf6 9. h3 O-O 10. Be3 Nd7 11. Rc1 b6 12. Bb1 Bb7 13. Qd2 Rc8 14. b3 Nde5 15.
Nd4 Qe8 16. f4 Nd7 17. Nf3 Nc5 18. Nd5 e6 19. Nc3 Qe7 20. Rce1 Rcd8 21. Bf2 Rd7
22. Bh4 Bf6 23. Bg3 Qd8 24. Rd1 a5 25. Rfe1 Qa8 26. Bf2 Rfd8 27. Bh4 Bxh4 28.
Nxh4 a4 29. f5 Kh8 30. fxg6 fxg6 31. Qh6 Rg8 32. Rf1 Qd8 33. Nxg6+ Rxg6 34.
Rf8+ Rg8 35. Rxd8 Nxd8 36. Qf6+ Rgg7 37. Rxd6 Rxd6 38. Qf8+ Rg8 39. Qxd6 axb3
40. axb3 Nc6 41. b4 Nxb4 42. Qxb6 Nba6 43. Qd6 Kg7 44. Qe7+ Kh6 45. Qf6+ Rg6
46. Qf8+ Kg5 47. g3 e5 48. Bc2 Ne6 49. Qe7+ 1-0

[Event "H.C Andersen Open"]
[Site "Odense"]
[Date "2013.05.11"]
[Round "6"]
[White "Bjerke, Silje"]
[Black "Hansen, Mads"]
[Result "0-1"]
[WhiteElo "2210"]
[BlackElo "2306"]
[PlyCount "116"]
[EventDate "2013.05.08"]
[EventType "swiss"]
[EventRounds "9"]
[EventCountry "DEN"]
[SourceTitle "CBM 154 Extra"]
[Source "ChessBase"]
[SourceDate "2013.06.25"]

1. e4 c5 2. Nf3 a6 3. c3 e6 4. d4 d5 5. exd5 exd5 6. Be2 Nc6 7. O-O Bd6 8. dxc5
Bxc5 9. Nbd2 Nge7 10. Nb3 Ba7 11. Nbd4 O-O 12. Bf4 Bg4 13. Qd3 Ng6 14. Be3 Re8
15. Rfe1 Qd6 16. Nxc6 Bxe3 17. Ncd4 Bh6 18. Nf5 Bxf5 19. Qxf5 Nf4 20. Bf1 g6
21. Qc2 Bg7 22. Rad1 Rxe1 23. Rxe1 Rd8 24. Qb3 Qc6 25. Re7 b5 26. Re1 Ne6 27.
Qb4 Qb6 28. Qh4 h6 29. Re2 a5 30. a3 Rb8 31. Rd2 Qc5 32. Qg3 Rb7 33. Ne5 Ng5
34. Bd3 Re7 35. Nf3 Ne6 36. h4 Rb7 37. h5 g5 38. Re2 Kf8 39. Bf5 Nf4 40. Re1
Nxh5 41. Qg4 Nf6 42. Qg3 b4 43. axb4 axb4 44. Ra1 bxc3 45. bxc3 Qc7 46. Qh3
Qxc3 47. Ra8+ Ke7 48. Rc8 Qa1+ 49. Kh2 Ne8 50. Qg3 Nd6 51. Rc6 Nxf5 52. Rc7+
Kd8 53. Qg4 Rxc7 54. Qxf5 Rd7 55. Qd3 Qa4 56. Qb1 Qf4+ 57. Kg1 Rc7 58. Qb8+ Ke7
0-1

[Event "H.C Andersen Open"]
[Site "Odense"]
[Date "2013.05.11"]
[Round "6"]
[White "Carstensen, Jacob"]
[Black "Nikolov, Momchil"]
[Result "0-1"]
[WhiteElo "2381"]
[BlackElo "2532"]
[PlyCount "72"]
[EventDate "2013.05.08"]
[EventType "swiss"]
[EventRounds "9"]
[EventCountry "DEN"]
[SourceTitle "CBM 154 Extra"]
[Source "ChessBase"]
[SourceDate "2013.06.25"]

1. d4 Nf6 2. c4 e6 3. Nf3 b6 4. g3 Bb7 5. Bg2 Be7 6. Nc3 Ne4 7. Bd2 Bf6 8. O-O
O-O 9. Rc1 Nxd2 10. Qxd2 d6 11. Ne1 Bxg2 12. Nxg2 c5 13. d5 Bxc3 14. Rxc3 e5
15. g4 Nd7 16. Rg3 a6 17. h4 b5 18. Ne3 Qxh4 19. Nf5 Qf6 20. e4 g6 21. g5 Qd8
22. Kg2 gxf5 23. exf5 Re8 24. Qe2 Nf8 25. Qh5 Qd7 26. Rf3 e4 27. Rf4 Re5 28. f6
Ng6 29. Rg4 Qf5 30. Rh1 Nf8 31. Rg3 e3 32. fxe3 Qc2+ 33. Kh3 Rae8 34. Rhg1 bxc4
35. Qh4 Qf5+ 36. Kh2 Rxe3 0-1

[Event "H.C Andersen Open"]
[Site "Odense"]
[Date "2013.05.11"]
[Round "6"]
[White "Christensen, Bo Garner"]
[Black "Sorensen, Alex"]
[Result "1-0"]
[WhiteElo "2247"]
[BlackElo "1933"]
[PlyCount "69"]
[EventDate "2013.05.08"]
[EventType "swiss"]
[EventRounds "9"]
[EventCountry "DEN"]
[SourceTitle "CBM 154 Extra"]
[Source "ChessBase"]
[SourceDate "2013.06.25"]

1. d4 g6 2. c4 Bg7 3. Nc3 c5 4. d5 e5 5. e4 d6 6. Be3 Nf6 7. f3 Nbd7 8. Bd3 a6
9. Nge2 Rb8 10. Qd2 O-O 11. h4 Qa5 12. g4 b5 13. h5 bxc4 14. Bxc4 Rb4 15. b3
Nb6 16. Nd1 Nxc4 17. bxc4 Nxg4 18. fxg4 Bxg4 19. h6 Bh8 20. a3 f5 21. Ra2 Ra4
22. Qxa5 Rxa5 23. Bd2 Ra4 24. Nb2 Bf3 25. Rg1 Rxc4 26. Nxc4 Bxe4 27. Nc3 Bd3
28. Nxd6 e4 29. Rb2 Be5 30. Rb7 Bxd6 31. Nxe4 Re8 32. Bc3 Bxe4 33. Rxg6+ Kf8
34. Bg7+ Kg8 35. Be5+ 1-0

[Event "H.C Andersen Open"]
[Site "Odense"]
[Date "2013.05.11"]
[Round "6"]
[White "Danielsen, Henrik"]
[Black "Bae, Torstein"]
[Result "1/2-1/2"]
[WhiteElo "2500"]
[BlackElo "2442"]
[PlyCount "59"]
[EventDate "2013.05.08"]
[EventType "swiss"]
[EventRounds "9"]
[EventCountry "DEN"]
[SourceTitle "CBM 154 Extra"]
[Source "ChessBase"]
[SourceDate "2013.06.25"]

1. e4 d6 2. Nc3 g6 3. f4 Bg7 4. Nf3 c5 5. Bb5+ Nd7 6. a4 e6 7. f5 a6 8. Bc4 Ne5
9. Ba2 exf5 10. O-O Ne7 11. d3 Be6 12. Bg5 Bxa2 13. Rxa2 f6 14. Bh4 O-O 15. Kh1
Qd7 16. a5 N5c6 17. Bg3 Rad8 18. Nd2 g5 19. exf5 Nxf5 20. Bf2 Nfd4 21. Nce4 Nb4
22. Bxd4 cxd4 23. Ra3 h6 24. c3 dxc3 25. Nxc3 Nxd3 26. Nd5 Ne5 27. Rc3 Nc6 28.
Nc4 f5 29. Rd3 Qf7 30. g3 1/2-1/2

[Event "H.C Andersen Open"]
[Site "Odense"]
[Date "2013.05.11"]
[Round "6"]
[White "Eriksson, Christian Altenburg"]
[Black "Carlstedt, Jonathan"]
[Result "0-1"]
[WhiteElo "2156"]
[BlackElo "2373"]
[PlyCount "36"]
[EventDate "2013.05.08"]
[EventType "swiss"]
[EventRounds "9"]
[EventCountry "DEN"]
[SourceTitle "CBM 154 Extra"]
[Source "ChessBase"]
[SourceDate "2013.06.25"]

1. e4 e6 2. d4 d5 3. e5 c5 4. c3 Nc6 5. Nf3 Qb6 6. a3 f6 7. Bd3 fxe5 8. Nxe5
Nf6 9. O-O Bd6 10. Nxc6 bxc6 11. Bg5 Bd7 12. Bxf6 gxf6 13. Qh5+ Ke7 14. dxc5
Bxc5 15. b4 Bd6 16. Nd2 Rag8 17. Rfe1 Rg5 18. Qh6 Bf4 0-1

[Event "H.C Andersen Open"]
[Site "Odense"]
[Date "2013.05.11"]
[Round "6"]
[White "Iversen, Christian"]
[Black "Rendboe, John Filip"]
[Result "1/2-1/2"]
[WhiteElo "1876"]
[BlackElo "2241"]
[PlyCount "45"]
[EventDate "2013.05.08"]
[EventType "swiss"]
[EventRounds "9"]
[EventCountry "DEN"]
[SourceTitle "CBM 154 Extra"]
[Source "ChessBase"]
[SourceDate "2013.06.25"]

1. d4 d5 2. c4 e6 3. Nc3 Be7 4. Bf4 Nf6 5. e3 O-O 6. Bd3 b6 7. Nf3 Bb7 8. cxd5
exd5 9. Ne5 c5 10. O-O Nc6 11. dxc5 bxc5 12. Rc1 Qb6 13. Na4 Qa5 14. b3 Rad8
15. Qe1 Qxe1 16. Rfxe1 Nxe5 17. Bxe5 Rc8 18. Bf5 Rc6 19. Red1 g6 20. Bh3 c4 21.
bxc4 dxc4 22. Bd7 Nxd7 23. Rxd7 1/2-1/2

[Event "H.C Andersen Open"]
[Site "Odense"]
[Date "2013.05.11"]
[Round "6"]
[White "Jacobsen, Bo"]
[Black "Poulsen, Iver"]
[Result "0-1"]
[WhiteElo "2319"]
[BlackElo "2054"]
[PlyCount "64"]
[EventDate "2013.05.08"]
[EventType "swiss"]
[EventRounds "9"]
[EventCountry "DEN"]
[SourceTitle "CBM 154 Extra"]
[Source "ChessBase"]
[SourceDate "2013.06.25"]

1. g3 d5 2. Bg2 Nf6 3. f4 Bf5 4. d3 e6 5. Nf3 Nc6 6. O-O Bc5+ 7. e3 Bb6 8. h3
h6 9. Qe2 Bh7 10. b3 d4 11. e4 Nxe4 12. Kh2 Nf6 13. Nbd2 O-O 14. Nc4 Bc5 15. a3
a5 16. Bd2 Nd5 17. Nfe5 Nxe5 18. Qxe5 c6 19. Nxa5 Rxa5 20. Bxa5 Qxa5 21. b4 Qa4
22. bxc5 Ne3 23. Rf2 Nxc2 24. Ra2 Bxd3 25. Be4 Bxe4 26. Qxe4 Ne3 27. Qd3 Rd8
28. Rfb2 Qc4 29. Rb3 Qxd3 30. Rxd3 f6 31. Rb2 Rd7 32. Rdb3 d3 0-1

[Event "H.C Andersen Open"]
[Site "Odense"]
[Date "2013.05.11"]
[Round "6"]
[White "Jacobsen, Steen Hefsgaard"]
[Black "Rasmussen, Jens"]
[Result "0-1"]
[WhiteElo "2041"]
[BlackElo "1713"]
[PlyCount "72"]
[EventDate "2013.05.08"]
[EventType "swiss"]
[EventRounds "9"]
[EventCountry "DEN"]
[SourceTitle "CBM 154 Extra"]
[Source "ChessBase"]
[SourceDate "2013.06.25"]

1. d4 e6 2. e4 c5 3. d5 d6 4. c4 Na6 5. Bd2 exd5 6. exd5 Nf6 7. Bd3 Be7 8. Qc2
Bd7 9. Ne2 h6 10. h3 Nc7 11. a4 a5 12. Nbc3 Na6 13. Na2 Nb4 14. Nxb4 axb4 15.
O-O O-O 16. b3 Ne8 17. Qc1 g5 18. h4 Ng7 19. hxg5 hxg5 20. f4 Bf6 21. Rb1 g4
22. Qc2 Qc8 23. g3 Nf5 24. Kg2 Kg7 25. Rh1 Rh8 26. Rxh8 Kxh8 27. Rh1+ Kg7 28.
Rh5 Qe8 29. Bc1 Ne3+ 30. Bxe3 Qxe3 31. Rh7+ Kf8 32. Rh6 Ke7 33. Rh7 Rh8 34.
Rxh8 Bxh8 35. Kf1 Bf6 36. Qc1 Qxd3 0-1

[Event "H.C Andersen Open"]
[Site "Odense"]
[Date "2013.05.11"]
[Round "6"]
[White "Jensen, Jakob"]
[Black "Ottesen, Soren Rud"]
[Result "1-0"]
[WhiteElo "1802"]
[BlackElo "1831"]
[PlyCount "165"]
[EventDate "2013.05.08"]
[EventType "swiss"]
[EventRounds "9"]
[EventCountry "DEN"]
[SourceTitle "CBM 154 Extra"]
[Source "ChessBase"]
[SourceDate "2013.06.25"]

1. Nf3 c5 2. e3 Nc6 3. d4 cxd4 4. exd4 d5 5. c3 Bf5 6. Qb3 Bxb1 7. Qxb7 Qc8 8.
Qxc8+ Rxc8 9. Rxb1 f6 10. Bb5 Kf7 11. O-O g6 12. Bd2 Bh6 13. Bxh6 Nxh6 14. Rfc1
Na5 15. Re1 Nf5 16. Bd7 Rc7 17. Be6+ Kg7 18. Bxd5 Rd8 19. Be4 Nd6 20. Nd2 Nac4
21. Nb3 Rb8 22. Bf3 a5 23. Nc5 Ra7 24. b3 Nd2 25. Rb2 Nxf3+ 26. gxf3 Kf7 27.
Rd2 Rc8 28. c4 Nf5 29. Na4 Nh4 30. Rd3 Rd8 31. Ree3 Rad7 32. d5 Rc7 33. f4 Nf5
34. Re1 Ng7 35. Red1 Ne8 36. Nc3 Nd6 37. Ne2 Nf5 38. Nd4 Nxd4 39. Rxd4 h5 40.
h4 f5 41. d6 exd6 42. Rxd6 Rxd6 43. Rxd6 a4 44. Kg2 axb3 45. axb3 Rb7 46. Rd3
Ke6 47. c5 Rb4 48. c6 Rb8 49. Kf3 Rc8 50. Rc3 Rc7 51. b4 Ke7 52. Ke3 Kd8 53. b5
Re7+ 54. Kd2 Kc7 55. Kd3 Re8 56. f3 Rd8+ 57. Kc4 Kb6 58. Kb4 Rd4+ 59. Rc4 Rd8
60. c7 Rc8 61. Rc6+ Kb7 62. Rxg6 Rxc7 63. Rf6 Rc1 64. Rxf5 Rb1+ 65. Kc5 Rc1+
66. Kd5 Kb6 67. Ke6 Rf1 68. Kf6 Rxf3 69. Kg5 Rg3+ 70. Kxh5 Rg8 71. Rg5 Rf8 72.
Kg4 Rh8 73. h5 Rh7 74. Re5 Rg7+ 75. Kh4 Rg1 76. h6 Rf1 77. Kg5 Rh1 78. Kg6 Rg1+
79. Rg5 Rd1 80. Rf5 Rg1+ 81. Kf7 Rh1 82. Rf6+ Kxb5 83. Kg7 1-0

[Event "H.C Andersen Open"]
[Site "Odense"]
[Date "2013.05.11"]
[Round "6"]
[White "Jensen, Soren2"]
[Black "Hamann, Brian"]
[Result "1/2-1/2"]
[WhiteElo "1836"]
[BlackElo "1877"]
[PlyCount "36"]
[EventDate "2013.05.08"]
[EventType "swiss"]
[EventRounds "9"]
[EventCountry "DEN"]
[SourceTitle "CBM 154 Extra"]
[Source "ChessBase"]
[SourceDate "2013.06.25"]

1. c4 Nf6 2. g3 g6 3. Bg2 d5 4. cxd5 Nxd5 5. Nc3 Nxc3 6. bxc3 Bg7 7. Rb1 c6 8.
Nf3 O-O 9. O-O Nd7 10. d4 Qa5 11. Qb3 b6 12. Nd2 Bb7 13. Nc4 Qh5 14. Bf3 Qh3
15. Ne3 Nf6 16. Bg2 Qd7 17. a4 Rab8 18. Nc4 Qe6 1/2-1/2

[Event "H.C Andersen Open"]
[Site "Odense"]
[Date "2013.05.11"]
[Round "6"]
[White "Jensen, Tobias Ilsoe"]
[Black "Pedersen, Henrik Bolding"]
[Result "1/2-1/2"]
[WhiteElo "1905"]
[BlackElo "2125"]
[PlyCount "83"]
[EventDate "2013.05.08"]
[EventType "swiss"]
[EventRounds "9"]
[EventCountry "DEN"]
[SourceTitle "CBM 154 Extra"]
[Source "ChessBase"]
[SourceDate "2013.06.25"]

1. d4 Nf6 2. c4 e6 3. Nc3 Nc6 4. Nf3 Bb4 5. Qc2 d6 6. e4 e5 7. d5 Bxc3+ 8. Qxc3
Nb8 9. Qc2 O-O 10. Be2 Nbd7 11. O-O a5 12. Ne1 Nc5 13. f3 Qe7 14. Be3 b6 15. b3
Bd7 16. Rb1 Nh5 17. a3 f5 18. b4 axb4 19. axb4 Nb7 20. exf5 Bxf5 21. Bd3 Bxd3
22. Nxd3 Qf7 23. Qb3 Qg6 24. c5 bxc5 25. bxc5 Nd8 26. cxd6 cxd6 27. Nf2 Rxf3
28. Kh1 Rf8 29. Qc4 Nf4 30. Bxf4 Rxf4 31. Qe2 h6 32. h3 Kh7 33. Ng4 Rxf1+ 34.
Qxf1 Rc8 35. Rb6 Qg5 36. Qd3+ Kg8 37. Rxd6 Nf7 38. Rg6 Qf4 39. g3 Qc1+ 40. Kg2
Qc2+ 41. Qxc2 Rxc2+ 42. Kf3 1/2-1/2

[Event "H.C Andersen Open"]
[Site "Odense"]
[Date "2013.05.11"]
[Round "6"]
[White "Johansen, Johnny Holler"]
[Black "Brondt, Nicolai Kvist"]
[Result "1/2-1/2"]
[WhiteElo "2002"]
[BlackElo "2169"]
[PlyCount "78"]
[EventDate "2013.05.08"]
[EventType "swiss"]
[EventRounds "9"]
[EventCountry "DEN"]
[SourceTitle "CBM 154 Extra"]
[Source "ChessBase"]
[SourceDate "2013.06.25"]

1. e4 c6 2. d4 d5 3. exd5 cxd5 4. Bd3 Nc6 5. c3 Qc7 6. Ne2 Bg4 7. Qb3 Bxe2 8.
Bxe2 e6 9. Nd2 Bd6 10. Nf3 Nf6 11. Bg5 Ne4 12. Bh4 O-O 13. Bg3 Rab8 14. a4 a6
15. O-O b5 16. axb5 axb5 17. Bxd6 Nxd6 18. Bd3 Rfc8 19. Qd1 b4 20. Qe2 bxc3 21.
bxc3 Ne7 22. Rfc1 Ng6 23. g3 Nc4 24. Ng5 Nf8 25. Bxc4 Qxc4 26. Qxc4 Rxc4 27.
Ra7 f6 28. Nf7 Rbc8 29. Rb1 R8c7 30. Rxc7 Rxc7 31. Nd6 Rxc3 32. Rb7 e5 33. Nf5
Ne6 34. dxe5 fxe5 35. Ne7+ Kf8 36. Nxd5 Rd3 37. Ne3 Ng5 38. Kg2 Rd2 39. Ng4 Ne4
1/2-1/2

[Event "H.C Andersen Open"]
[Site "Odense"]
[Date "2013.05.11"]
[Round "6"]
[White "Matras, Ove"]
[Black "Konstantinov, Maxim"]
[Result "0-1"]
[WhiteElo "1855"]
[BlackElo "1990"]
[PlyCount "66"]
[EventDate "2013.05.08"]
[EventType "swiss"]
[EventRounds "9"]
[EventCountry "DEN"]
[SourceTitle "CBM 154 Extra"]
[Source "ChessBase"]
[SourceDate "2013.06.25"]

1. b3 Nf6 2. e3 d5 3. Bb2 c5 4. Nf3 Nc6 5. d4 e6 6. Nbd2 Be7 7. a3 cxd4 8. exd4
Ne4 9. Bd3 f5 10. Qe2 Bd7 11. Ne5 Nxe5 12. dxe5 Bc5 13. Bxe4 fxe4 14. b4 Bb6
15. Nb3 Qg5 16. O-O O-O 17. Nc5 Bxc5 18. bxc5 Be8 19. Qe3 Qxe3 20. fxe3 Bb5 21.
Rxf8+ Rxf8 22. Bd4 Rf7 23. g3 Kf8 24. Rb1 a6 25. h3 Ke8 26. g4 Kd8 27. Kg2 Kc7
28. Kg1 Rf3 29. Kg2 g5 30. h4 gxh4 31. Rh1 h3+ 32. Kh2 Rf1 33. Rxf1 Bxf1 0-1

[Event "H.C Andersen Open"]
[Site "Odense"]
[Date "2013.05.11"]
[Round "6"]
[White "Murtuzov, Rauf Mubariz"]
[Black "Bach, Matthias"]
[Result "0-1"]
[WhiteElo "1995"]
[BlackElo "2252"]
[PlyCount "62"]
[EventDate "2013.05.08"]
[EventType "swiss"]
[EventRounds "9"]
[EventCountry "DEN"]
[SourceTitle "CBM 154 Extra"]
[Source "ChessBase"]
[SourceDate "2013.06.25"]

1. e4 c5 2. Nf3 Nf6 3. Nc3 d5 4. Bb5+ Bd7 5. Bxd7+ Qxd7 6. e5 Ng8 7. O-O e6 8.
d3 Ne7 9. Bg5 Nf5 10. Qe2 Nc6 11. Rfe1 h6 12. Bf4 g5 13. Bg3 Be7 14. h3 h5 15.
Nb5 O-O-O 16. c4 g4 17. hxg4 hxg4 18. Nh2 Ncd4 19. Nxd4 Nxd4 20. Qd1 Rh7 21.
Rc1 Nf5 22. Bf4 Rdh8 23. Qxg4 Rh4 24. Qf3 Bg5 25. Bxg5 Rxh2 26. g4 Nd4 27. Qf4
dxc4 28. Re4 Qd5 29. dxc4 Ne2+ 30. Kf1 Nxf4 31. Rxf4 Qd3+ 0-1